000 00644nam a2200205Ia 4500
005 20250508153032.0
008 008 250505s9999 xx 000 0 eng d
037 _aBooks to be hide in OPAC
040 _aFEDL
_beng
_cFEDL
041 _aeng
_2eng
084 _a370.58, NAT/O
_qFEDL
100 _aHenry Nelson B Ed.
_911231
245 0 _aForty - ninth year book of the national society for the study of education
260 _aChicago, USA
_bThe National Society for the Study of Education
_c1951
300 _axiii,356p
365 _aGifted
490 _vPt 2
942 _cHB
_h370.58, NAT/O
999 _c1340292
_d1340292